logo

Bir Sreshtho Munshi Abdur Rouf Library
Jhenaidah Cadet College

স্পেনে মুসলিম সভ্যতা / (Record no. 982)

MARC details
000 -LEADER
fixed length control field 00750nam a22002417a 4500
001 - CONTROL NUMBER
JCCL Control Number 982
003 - CONTROL NUMBER IDENTIFIER
JCCL marc code BD-JhCC
005 - DATE AND TIME OF LATEST TRANSACTION
control field 20171012112515.0
008 - FIXED-LENGTH DATA ELEMENTS--GENERAL INFORMATION
fixed length control field 171012s2010 bg |||| |||| 00| 0 ben d
020 ## - INTERNATIONAL STANDARD BOOK NUMBER
International Standard Book Number 9847015200787
035 ## - SYSTEM CONTROL NUMBER
system control number (BD-JhCC)982
040 ## - CATALOGING SOURCE
Original cataloging agency BD-JhCC
Modifying agency BD-JhCC
041 ## - LANGUAGE CODE
Language code of Book ben
082 ## - DEWEY DECIMAL CLASSIFICATION NUMBER
Classification number 915
Author mark and Year HAS 2010
DDC Edition number 23
100 ## - MAIN ENTRY--PERSONAL NAME
Personal name হাসান, সৈয়দ মাহমুদুল
245 ## - TITLE STATEMENT
Title স্পেনে মুসলিম সভ্যতা /
Statement of responsibility, etc সৈয়দ মাহমুদুল হাসান
260 ## - PUBLICATION, DISTRIBUTION, ETC. (IMPRINT)
Place of publication, distribution, etc ঢাকাঃ
Name of publisher, distributor, etc অনুপম প্রকাশনী,
Date of publication, distribution, etc 2010
300 ## - PHYSICAL DESCRIPTION
Pagination 143 p. :
Dimensions 20 cm.
650 ## - SUBJECT ADDED ENTRY--TOPICAL TERM
Topical term or geographic name as entry element Islamic Civilization
651 ## - SUBJECT ADDED ENTRY--GEOGRAPHIC NAME
Geographic name Bangladesh
942 ## - ADDED ENTRY ELEMENTS (KOHA)
Source of classification or shelving scheme Dewey Decimal Classification
Koha item type Books
Holdings
Source of classification or shelving scheme Damaged status Not for loan Home library Current library Shelving location Date of accession Cost, normal purchase price Total Checkouts Full call number Barcode Date last seen Copy number Koha item type Date checked out
Dewey Decimal Classification     JCC Rouf Library JCC Rouf Library General Stacks 10/12/2017 160.00   915 HAS 2010 1960 10/12/2017 C-1 Books  
Dewey Decimal Classification     JCC Rouf Library JCC Rouf Library General Stacks 10/12/2017 160.00 1 915 HAS 2010 1959 12/17/2024 C-2 Books 11/12/2024

JCC Library | Contacts | JCC Home

Last Update on 23 September 2017
Copyright @ 2017-2020 JCC Rouf Library
Rouf Library, Jhenidah Cadet College (JCC), Bangladesh